Adult Education in Africa and Latin America: intercultural experiences in a multicultural encounter.

Պահպանված է:
Մատենագիտական մանրամասներ
Հիմնական հեղինակ: Kuper, Wolfgang (autor)
Ձևաչափ: Գիրք
Լեզու:իսպաներեն
Խորագրեր:
Ցուցիչներ: Ավելացրեք ցուցիչ
Չկան պիտակներ, Եղեք առաջինը, ով նշում է այս գրառումը!

MARC

LEADER 00000nam^a2200000^u^4500
001 000494540
005 20250521000000.0
008 110404s1000^^^^^^^^^^^^r^^^^^000^0^eng^d
009 20260310125528.975
035 |a FCE 000037937 
037 |a Acervo ITESO - Biblioteca 
041 |a spa 
082 0 4 |a 374.68  |b KUPa 
100 |a Kuper, Wolfgang  |e (autor) 
245 1 0 |a Adult Education in Africa and Latin America:  |b intercultural experiences in a multicultural encounter. 
264 |a Lima :  |b GTZ,  |c 2001. 
300 |a 435 p. 
336 |a texto  |b txt  |2 rdacontenido 
337 |a sin mediación  |b n  |2 rdamedio 
338 |a volumen  |b nc  |2 rdasoporte 
649 |a XX 
650 |a Educación de adultos 
650 |a Educación bilingüe 
650 |a Educación intercultural 
910 |a Fondo Centro de Estudios Educativos 
920 |a Impresos - Libros 
930 |a Fondos Especiales 
905 |a 133 
901 |a ALE037984  |b IT2  |c CEE  |u 20250521 
902 |a https://opac.biblio.iteso.mx/vufind/Record/000494540